| 000 | 00925nam a2200277 i 4500 | ||
|---|---|---|---|
| 001 | bg | ||
| 100 | 1 | _aŻUKOWSKI, Paweł | |
| 245 | 1 | 0 |
_aPółprzewodniki ze skokowym mechanizmem przenoszenia ładunków / _cPaweł Żukowski ; Politechnika Lubelska. |
| 260 |
_aLublin : _bWydawnictwa Uczelniane PL, _c1999. |
||
| 300 |
_a151 s. : _brys., wykr. ; _c24 cm. |
||
| 504 | _aBibliogr. s. 143-151. | ||
| 650 | 9 |
_aInżynieria powierzchni _xbadanie |
|
| 650 | 9 |
_aJony _xbadanie |
|
| 650 | 9 |
_aKrzem _xtechnologia _xbadanie |
|
| 650 | 9 |
_aModele matematyczne _xstosowanie _xtechnika |
|
| 650 | 9 |
_aPółprzewodniki _xtechnologia _xbadanie |
|
| 650 | 9 |
_aPrzewodnictwo elektryczne _xbadanie |
|
| 710 | 0 | _aPolitechnika Lubelska | |
| 020 | _a8388110454 | ||
| 040 | _cBPK | ||
| 041 | 0 | _apl | |
| 080 | _a621.791/.795:621.382+666.65:661.6:519.6 | ||
| 920 | _a83-88110-45-4 | ||
| 942 | _cKS | ||
| 008 | s pl f |000 0 pol | ||
| 999 |
_c38458 _d38458 |
||
| 856 |
_uhttp://koha.tu.koszalin.pl/cgi-bin/koha/opac-detail.pl?biblionumber=38458 _yKatalog online BPK |
||